000 00483nam a2200157 a 4500
005 20141022142007.0
008 120228s19uu xx 00 eng d
050 _aCD-ROM
_bB45 2005
100 _aBerenson, Mark L.
245 _aBasic business statistics :
_bconcepts and applications /
_cMark Berenson, David Levine, Timothy Krenbiel.
260 _c2005.
650 _aStatistics
_xStatitical methods
700 _aLevine, David M.
700 _aKrenbiel, Timothy
942 _cAVM
999 _c276595
_d276595